Ensayos sobre estratificación /
Contenido: Clases y subculturas. El sistema de valores de las diferentes clases. Las clases la integración moral y la integración comunitaria
Uloženo v:
| Hlavní autor: | |
|---|---|
| Další autoři: | , , |
| Médium: | Neznámo |
| Vydáno: |
San José:
EUNED. EUCR
2000
|
| Edice: | Eugenio Fonseca Tortós. Selección de su obra sociológica
Tomo 1 |
| Témata: | |
| Tagy: |
Přidat tag
Žádné tagy, Buďte první, kdo vytvoří štítek k tomuto záznamu!
|
MARC
| LEADER | 00000 a2200000 04500 | ||
|---|---|---|---|
| 001 | 19474 | ||
| 003 | cru IIS | ||
| 005 | 20220705140314.0 | ||
| 007 | ta | ||
| 008 | 991231s2000 cr d | ||
| 022 | |2 9968-31-112-X | ||
| 040 | |c cru IIS |a Centro de Recursos para el Aprendizaje y la Investigación |b español | ||
| 090 | |a 05.01.02 E87e T.1 | ||
| 100 | 1 | |a Fonseca Tortós, Eugenio |9 4193 |d 1930-1979 | |
| 245 | |a Ensayos sobre estratificación / |c Jorge Rovira Mas; José Luis Vega Carballo y Fernando Bolaños Baldioceda; editores | ||
| 260 | |a San José: |b EUNED. EUCR |c 2000 | ||
| 300 | |a páginas i-xxxiv; 1-248; T. I | ||
| 440 | 0 | |9 4196 |a Eugenio Fonseca Tortós. Selección de su obra sociológica |v Tomo 1 | |
| 500 | |a Colección Centroamérica | ||
| 520 | |a Contenido: Clases y subculturas. El sistema de valores de las diferentes clases. Las clases la integración moral y la integración comunitaria | ||
| 650 | |a ESTRATIFICACION SOCIAL | ||
| 650 | 1 | 0 | |a CULTURA |9 126 |
| 650 | 1 | 0 | |a SUBCULTURAS |9 4181 |
| 650 | 4 | |a IGUALDAD DE OPORTUNIDADES |9 1988 | |
| 650 | |a DESARROLLO ECONOMICO | ||
| 650 | |a SOCIOLOGIA | ||
| 650 | |a SOCIOLOGIA RURAL | ||
| 650 | |a CLASES SOCIALES | ||
| 650 | 1 | 0 | |a ENSAYO |9 4182 |
| 700 | 1 | |9 4194 |a Rovira Mas, Jorge | |
| 700 | 1 | |a Vega Carballo, José Luis |9 4177 | |
| 700 | 1 | |a Bolaños Baldioceda, Fernando |9 4178 | |
| 700 | |a | ||
| 700 | 1 | |a Vega Carballo, José Luis |9 4177 | |
| 700 | |a | ||
| 852 | 1 | 1 | |a 05.01.02 E87e T.1 |
| 942 | |2 ddc |c LI |h 05.01.02 E87e T.1 |k 05.01.02 |m E87e T.1 |6 050102_E87E_T1 | ||
| 999 | |c 14856 |d 14856 | ||
